La ballena

Shranjeno v:
Bibliografske podrobnosti
Glavni avtor: Torbado, Jesús (Author)
Format: Knjiga
Jezik:španščina
Izdano: Barcelona Planeta 1982
Serija:Narrativa, 59
Teme:
Oznake: Označite
Brez oznak, prvi označite!

MARC

LEADER 00000nam a2200000 a 4500
001 UCQ5616
003 CL-VaPUC
008 981002e19820000SP |||||||||||||||||spa|d
082 0 4 |a 863  |b TOR  |2 21 
100 0 |a Torbado, Jesús  |e author  |9 419676 
245 1 3 |a La ballena 
300 |a 253 p 
942 |c BK 
945 |d 19981002 00:00:00  |a crobeson 
260 |a Barcelona  |b Planeta  |c 1982 
650 0 |a Novelas españolas  |9 265052 
650 0 |a Literatura española  |9 306261 
583 |a last modification  |c 19981002 00:00:00  |k Rodrigo Vera 
490 0 |a Narrativa, 59 
999 |c 275821  |d 275819 
952 |0 0  |1 0  |4 0  |6 863_000000000000000_TOR_1982  |7 0  |8 A  |9 312661  |a BIBEDU  |b BIBEDU  |d 2019-11-20  |i 1475150  |o 863 TOR 1982  |p 1475150  |r 2019-11-20  |w 2019-11-20  |y BK  |k LIT